Second Cities Map Quiz - Statistics

General Stats
  • This quiz has been taken 5 times
  • The average score is 47 of 192
Answers on the Map
Answers color-coded by a green-red scale on the quiz's map according to % correct below.
 
Answer Stats
Answer % Correct
Mumbai
100%
Benghazi
80%
Birmingham
80%
Guayaquil
80%
Kandahar
80%
Saint Petersburg
80%
Split
80%
Aden
60%
Aleppo
60%
Almaty
60%
Arequipa
60%
Batumi
60%
Bergen
60%
Borgo Maggiore
60%
Cork
60%
Douala
60%
Dubai
60%
Gyumri
60%
Homyel
60%
Jeddah
60%
Kaunas
60%
Kharkiv
60%
Kopavogur
60%
Krakow
60%
Krong Siem Reap
60%
Maracaibo
60%
Marseille
60%
Rio de Janeiro
60%
Sfax
60%
Taichung
60%
Tiraspol
60%
Yokohama
60%
Aarhus
40%
Banja Luka
40%
Barcelona
40%
Belize City
40%
Bitola
40%
Busan
40%
Chittagong
40%
Ciudad del Este
40%
Cordoba
40%
Debrecen
40%
Dire Dawa
40%
Durres
40%
El Alto
40%
Espoo
40%
Fez
40%
Gonaives
40%
Gothenburg
40%
Hamhung
40%
Iasi
40%
Kumasi
40%
Lahore
40%
Mandalay
40%
Mashhad
40%
Medellin
40%
Mombasa
40%
Oran
40%
Pakse
40%
Pointe-Noire
40%
Pokhara
40%
Porto
40%
Port Sudan
40%
Salto
40%
Sumqayit
40%
Surabaya
40%
Tartu
40%
Tijuana
40%
Tripoli
40%
Turkmenabat
40%
Antwerp
20%
Auckland
20%
Basra
20%
Bimbo
20%
Birkirkara
20%
Blantyre
20%
Brikama
20%
Brno
20%
Bulawayo
20%
Daugavpils
20%
Erdenet
20%
Escaldes-Engordany
20%
Geneva
20%
George Town
20%
Giza
20%
Graz
20%
Hamburg
20%
Hargeisa
20%
Istanbul
20%
Johannesburg
20%
Kano
20%
Khujand
20%
Kitwe
20%
Kosice
20%
Kuala Belait
20%
Lae
20%
Lautoka
20%
Lelydorp
20%
Limassol
20%
Linden
20%
Los Angeles
20%
Lubango
20%
Lubumbashi
20%
Manzini
20%
Maribor
20%
Melbourne
20%
Milan
20%
Montreal
20%
Mutsamudu
20%
Mwanza
20%
Namangan
20%
Nonthaburi
20%
Novi Sad
20%
Plovdiv
20%
Quetzaltenango
20%
Quezon City
20%
Rotterdam
20%
Santiago de Cuba
20%
Santiago de los Caballeros
20%
Seeb
20%
Shanghai
20%
Sokode
20%
Thessaloniki
20%
Zarqa
20%
Abomey-Calavi
0%
Addu City
0%
Airai
0%
Alajuela
0%
Ali Sabieh
0%
Al Jahra
0%
All Saints
0%
Al Rayyan
0%
Anse Boileau
0%
Beau Bassin-Rose Hill
0%
Betio
0%
Bobo-Dioulasso
0%
Bouake
0%
Butare
0%
Dare
0%
Dehiwala-Mount Lavinia
0%
Denigomodu
0%
Esch-sur-Alzette
0%
Francistown
0%
Freeport
0%
Gabu
0%
Ganta
0%
Georgetown
0%
Gizo
0%
Gouyave
0%
Gros Islet
0%
Ho Chi Minh City
0%
Keren
0%
Kolonia
0%
Leon
0%
Luganville
0%
Malabo
0%
Matola
0%
Mindelo
0%
Moundou
0%
Muyinga
0%
Nansana
0%
Neiafu
0%
Niksic
0%
Nouadhibou
0%
Nzerekore
0%
Osh
0%
Phuentsholing
0%
Port-Gentil
0%
portsmouth
0%
Prizren
0%
Puente Alto
0%
Riffa
0%
Rita
0%
Rundu
0%
Sandy Point Town
0%
San Fernando
0%
San Miguelito
0%
San Pedro Sula
0%
Santa Ana
0%
Schaan
0%
Sikasso
0%
Spanish Town
0%
Speightstown
0%
Tel Aviv
0%
Teyateyaneng
0%
Toamasina
0%
Touba
0%
Trinidade
0%
Vaitele
0%
Vaitupu
0%
Wanyjok
0%
Zinder
0%
No matching quizzes found
Score Distribution
Percent of People with Each Score
Percentile by Number Answered
Your Score History
You have not taken this quiz